| 000 | 01034nam a22002537a 4500 | ||
|---|---|---|---|
| 003 | BPGM | ||
| 005 | 20260526222220.0 | ||
| 008 | 260410s1987 mx o|||gr|||| 001 0 spa d | ||
| 020 | _a968-16-2579-X | ||
| 040 | _bspa | ||
| 082 | 0 | 4 |
_2701.15 _aV34 |
| 100 | _aVALLIER. DORA | ||
| 245 |
_aEL ARTE POR DENTRO : _bCONVERSACIONES CON BRAQUE, LÉQER, VILLON, MIRÓ Y BRANCUSI |
||
| 260 |
_aMÉXICO : _bFONDO DE CULTURA ENCÓMICA , _c1987 . |
||
| 300 |
_a138 páginas ; _c13.3 cm x 21 cm |
||
| 336 |
_2rdacontent _atexto _btxt |
||
| 337 |
_2rdamedia _asin mediación _bn |
||
| 338 |
_2rdacarrier _avolumen _bnc |
||
| 490 | 0 |
_aCUADERNOS DE LA GACETA _v37 |
|
| 505 | _aLOS ARTISTAS MODERNOS, CUANDO HAN HECHO DECLARACIONES SOBRE SU TRABAJO, COINCIDEN EN QUE LAS CONSIDERACIONES TEÓRICAS SÓLO PUEDEN SER REFLEXIONES ULTERIORES ACERCA DE HECHOS ARTÍSTICOS QUE LAS PRECEDIERON. | ||
| 650 | _aLAS ARTES BELLAS ARTES Y ARTES DECORATIVAS | ||
| 650 | _aFILOSOFÍA DE LAS BELLAS ARTES Y ARTES DECORATIVAS | ||
| 942 |
_2ddc _cCONSULTA |
||
| 999 |
_c68567 _d68567 |
||